000 01432nab a22002417a 4500
999 _c6086
_d6086
003 OSt
005 20260121193345.0
008 190502c xxu||||| |||| 00| 0 spa d
040 _cPJ
100 _94454
_aPorta, Elsa
245 1 3 _aLas personas privadas de la libertad y el derecho de agremiación /
_cElsa Porta.
260 _aCiudad Autónoma de Buenos Aires :
_bThomson Reuters La Ley,
_c2024.
300 _ap. 55-69
505 _aSumario: I. Antecedentes del caso.— II. Situación de procesados y condenados.— III. El derecho al trabajo de los sujetos privados de libertad.— IV. Legislación aplicable al trabajo en contexto de encierro.— V. Las personas privadas de la libertad que trabajan y los derechos emergentes de la libertad sindical.— VI. La resolución administrativa.— VII. La inscripción gremial solicitada.— VIII. Vulnerabilidad de las personas que trabajan en la prisión.— IX. Reinserción social de los condenados.
505 _t¿Te interesa el texto completo? Solicitalo al correo: koha@justierradelfuego.gov.ar
650 0 _9343
_aDERECHO PENAL
650 0 _94455
_aPERSONAS PRIVADAS DE LA LIBERTAD
650 0 _94583
_aDERECHOS SINDICALES
650 0 _91461
_aLIBERTAD SINDICAL
650 0 _93020
_aREADAPTACIÓN DEL CONDENADO
773 0 _02729
_93180
_dBuenos Aires : LexisNexis, 2006-
_tRevista de derecho penal y procesal penal. Nº 7 - Julio 2024
_z9875920622
942 _2udc
_cANA